International Rugby - Most World Cup Appearances - Statistics

General Stats
  • This quiz has been taken 356 times
    116 since last reset
  • The average score is 3 of 6
Answer Stats
Games Played Country Player % Correct
22 New Zealand Richard McCaw
94%
20 Australia George Gregan
49%
22 England Jason Leonard
40%
21 Wales Alun-Wyn Jones
37%
20 New Zealand Keven Mealamu
34%
20 South Africa Schalk Burger
22%
No matching quizzes found
Score Distribution
Percent of People with Each Score
Percentile by Number Answered
Your Score History
You have not taken this quiz since the last reset